1475 1633 1377 1016 1966 1902 1913 1762 1363 1792 1677 1706 1921 1128 1573 1495 1566 1566 1573 1465 1671 1990 1836 1075 1780 1307 1374 1319 1666 1918 1289 1286 1540 1800 1435 1652 1632 1690 1392 1666 1633 1629 1987 1301 1396 1892 1631 1541 1029 1284 1606 1570 1578 1706 1024 1142 1345 1664 1720 1985 1184 1801 1053 1987 1683 1547 1206 1527 1377 1754 1604 1059 1667 1280 1689 1501 1140 1688 1643 1276 1945 1614 1941 1935 1372 1720 1584 1926 1503 1637 1471 1064 1438 1806 1426 1406 1906 1522 1159 BCNSPRNW ULIB Ver.6.0+V

เปลี่ยนเป็นภาษาไทย

Change to English
 แสดงรายละเอียดบรรณานุกรม
  กลับหน้าหลัก

Brief Record : Get Marc (ISO 2709) : E-mail record : QR code < ปิดหน้าต่าง
LEADER : 00000nam 2200000uu 4500
001    13399123671
003     ULIB
008    141104s2557||||th 000 0 tha d
020    9786161122027
060  0 ^aWY106^bส691
100 0  ศิริมา ลัละวงศ์ และคนอื่นๆ
245    ^aหลักสูตรการพัฒนาสมรรถนะพยาบาลผู้จัดการสุขภาพชุมชน/^cศิริมา ลัละวงศ์ และคนอื่นๆ บรรณาธิการโดย กาญจนา จันทร์ไทย
260    ^aกรุงเทพ:^bห้างหุ้นส่วนจำกัดเทพเพ็ญวานิสย์, ^c2557
300    ^a136 หน้า
650  7 ^aพยาบาลผู้จัดการสุขภาพชุมชน
650  7 การส่งเสริมสุขภาพ
710 1  สำนักการพยาบาล สำนักงานปลัดกระทรวงสาธารณสุข
710 1  สำนักงานกองทุนสนับสนุนหารสร้างเสริมสุขภาพ
945    ^p0^l0^i036682
945    ^p0^l0^i036683
999    ^aเกษร โพธิ์สุวรรณ
รายการนี้ยังไม่มีแท็ก
คุณยังไม่ได้ล็อกอิน คุณสามารถมีกิจกรรมร่วมกับเว็บไซต์ได้ แต่ต้องล็อกอินก่อน ::
  ล็อกอิน

รายการสื่อสารสนเทศ

ลำดับที่ ประเภท เลขเรียก/บาร์โค้ด สถานที่ สถานะ
1. Book การพยาบาล
Book การพยาบาล
สถานะ=หนังสือเก่า
WY106 ส691 ฉ.1 
  Barcode: 036682
ห้องสมุดวิทยาเขตสวรรค์ประชารักษ์
►ส่วนจัดเก็บหนังสือเก่า สปร
บนชั้น
  ขอยืม
2. Book การพยาบาล
Book การพยาบาล
สถานะ=หนังสือเก่า
WY106 ส691 ฉ.2 
  Barcode: 036683
ห้องสมุดวิทยาเขตสวรรค์ประชารักษ์
►ส่วนจัดเก็บหนังสือเก่า สปร
บนชั้น
  ขอยืม

รายการใกล้เคียง
    หัวเรื่อง [พยาบาลผู้จัดการสุขภาพชุมชน]
    หัวเรื่อง [การส่งเสริมสุขภาพ]

BibComment


ยังไม่เคยถูกคอมเมนท์

คอมเมนท์ทรัพยากรรายการนี้
  คอมเมนท์: หลักสูตรการพัฒนา..


 Copyright 2026. Bcnsprnw @Library